LEADER 01091nam1 2200385 450 001 990000415750203316 035 $a0041575 035 $aUSA010041575 035 $a(ALEPH)000041575USA01 035 $a0041575 100 $a20010424d1998----km-y0itay0103----ba 101 $aita 102 $aIT 105 $a||||||||001yy 200 1 $aSpazi & testi letterari$fC.Attalienti, E.Magliozzi, G.Cotroneo 210 $aNapoli$cF.lli Ferraro$d1998 215 $av.$d26 cm$e+ floppy-disk 410 $12001 461 1$1001-------$12001 606 0 $aLetteratura italiana$xStoria 676 $a850.9 700 1$aATTALIENTI,$bC.$0544668 701 1$aCOTRONEO,$bG.$0251175 701 1$aMAGLIOZZI,$bE.$0544669 801 0$aIT$bsalbc$gISBD 912 $a990000415750203316 951 $aV C 1589$bLM$cV C 959 $aBK 969 $aUMA 979 $aPATTY$b90$c20010424$lUSA01$h1612 979 $aPATTY$b90$c20010424$lUSA01$h1619 979 $c20020403$lUSA01$h1649 979 $aPATRY$b90$c20040406$lUSA01$h1629 996 $aSpazi & testi letterari$9874964 997 $aUNISA LEADER 00922nam0-22003011i-450- 001 990003796970403321 005 20001010 010 $a88-415-4454-6 035 $a000379697 035 $aFED01000379697 035 $a(Aleph)000379697FED01 035 $a000379697 100 $a20001010d--------km-y0itay50------ba 101 0 $aita 105 $ay-------001yy 200 1 $aENCICLOPEDIA del Cristianesimo$estoria e attualitą di 2000 anni di speranza$f[consulenza generale e coordinamentoscientifico di Gianni Ambrosio]. 210 $aNovara$cIstituto geografico De Agostini$dc1997 215 $a.703 p.$cill.$d24 cm 610 0 $aCRISTIANESIMO$aEnciclopedie e dizionari 676 $a203 801 0$aIT$bUNINA$gRICA$2UNIMARC 901 $aBK 912 $a990003796970403321 952 $a203 DEA 1$b6523$fBFS 959 $aBFS 996 $aENCICLOPEDIA del Cristianesimo$9506549 997 $aUNINA DB $aING01